| 000 | 00000nam##2200000za#4500 |
| 001 | 9.568188 |
| 003 | CaOODSP |
| 005 | 20240215150447 |
| 007 | cr ||||||||||| |
| 008 | 150406|1991||||xxc|||||o f|0| 0 eng|d |
| 040 | |aCaOODSP|beng |
| 043 | |an-cn--- |
| 086 | 1 |aPS83-3/10E-PDF |
| 110 | 2 |aCorrectional Service Canada. |
| 245 | 10|aDifferences in response to long-term imprisonment : |h[electronic resource]|bimplications for the management of long-term offenders / |cprepared by Frank J. Porporino, Ph.D. |
| 260 | |bCorrectional Service Canada |c1991. |
| 300 | |a22p.|bgraphs, references, tables |
| 490 | 1 |aResearch report|vR-10 |
| 590 | |a10-09-Supp|b2010-11-02 |
| 720 | 1 |aPorporino, Frank J. |
| 775 | 08|tDiversité de réactions à l'emprisonnement prolongé : |w(CaOODSP)9.599481 |
| 830 | #0|aResearch report (Correctional Service Canada. Research Branch)|vR-10|w(CaOODSP)9.506063 |
| 856 | 40|ahttp://publications.gc.ca|qPDF|s118 KB|uhttps://publications.gc.ca/collections/collection_2010/scc-csc/PS83-3-10-eng.pdf|yR-10 |